| 000 | 00451nam a22001457a 4500 | ||
|---|---|---|---|
| 999 |
_c13630 _d13630 |
||
| 008 | 190329b ||||| |||| 00| 0 eng d | ||
| 020 | _a9715502857 | ||
| 082 |
_21998 _aDFil 899.2113 _bL62 |
||
| 245 |
_aAnak ng birhen/ _cJesus S. Esguerra |
||
| 260 |
_a1998 _bDFil 899.2113 _cL62 |
||
| 300 |
_aPages 1-15; _b18 cm. |
||
| 500 | _a50 Kuwentong ginto ng 50 batikang kuwentista | ||
| 650 |
_aPhilippine short stories (Filipino) _937968 |
||
| 942 |
_2ddc _cDFIL |
||